00614nam a22001697a 450000500170000001000130001702000140003003500110004403700130005508200110006810000810007924501000016024600770026026000410033727000430037830000230042120210208162107.0 aUR-11024 c219.00a- aU-9579 bDBAD/PUB a841.08 aا و تا ر کر شن گنجو ،بھا ر تی سحر گا ند ر بلی aتخت غا لب cا و تا ر کر شن گنجو ،بھا ر تی سحر گا ند ر بلی bTakht-e-Ghalib (Urdu)aby Awtar Krishan Ganju Bharti Sehar Gander Bili  aDelhibJ K Offset Printers c2019 ء aGali Garhaia Jama Masjid,bDelhie6l- a416 ص c22 Cm(Hb)